Lương Văn Can và phong trào Duy Tân Đông Du

Spremljeno u:
Bibliografski detalji
Glavni autor: Lý ,Tùng Hiếu
Format: Knjiga
Jezik:Undetermined
Izdano: Thành phố Hồ Chí Minh Văn hóa Sài Gòn 2005
Teme:
Oznake: Dodaj oznaku
Bez oznaka, Budi prvi tko označuje ovaj zapis!
Thư viện lưu trữ: Trung tâm Học liệu Trường Đại học Cần Thơ
LEADER 00646nam a2200229Ia 4500
001 CTU_101114
008 210402s9999 xx 000 0 und d
020 |c 50000 
082 |a 371.10092 
082 |b H309 
100 |a Lý ,Tùng Hiếu 
245 0 |a Lương Văn Can và phong trào Duy Tân Đông Du 
245 0 |c Lý Tùng Hiếu 
260 |a Thành phố Hồ Chí Minh 
260 |b Văn hóa Sài Gòn 
260 |c 2005 
650 |a Teachers,Vietnam 
650 |x History 
650 |y 20th century 
650 |z Vietnam 
904 |i Minh 
980 |a Trung tâm Học liệu Trường Đại học Cần Thơ